Economic Analysi Theory and Application
Saved in:
| Main Author: | |
|---|---|
| Format: | Book |
| Language: | English |
| Published: |
Homewood
IRWIN
1986
|
| Edition: | 5.ed. |
| Subjects: | |
| Online Access: | View in OPAC |
| Tags: |
No Tags, Be the first to tag this record!
|
MARC
| LEADER | 00000nam a2200000 a 4500 | ||
|---|---|---|---|
| 005 | 20260127134036.0 | ||
| 008 | 090216 1986 tv 000 0 eng d | ||
| 020 | |a 0256033439 | ||
| 035 | |a vtls009473087 | ||
| 039 | 9 | |y 200902160754 |z mschk03 | |
| 040 | |a STUSCHK1 |b slo |c STUSCHK1 |e AACR2 | ||
| 080 | |a 330.115 | ||
| 100 | 1 | |a Maurice, S. Charles | |
| 245 | 1 | |a Economic Analysi |b Theory and Application |c Maurice, S. Charles, Owen R. Phillips | |
| 250 | |a 5.ed. | ||
| 260 | |a Homewood |b IRWIN |c 1986 | ||
| 300 | |a xx, 642 p. |b ill. |c 24 cm | ||
| 650 | 0 | |a Economic analysis | |
| 910 | |a SCHK95 | ||
| 919 | |a 0-256-03343-9 | ||
| 999 | |c 2725 |d 2725 | ||